000
00305nam a22001457a 4500
003
SGT
020
_a
9788122479317
082
_a
615.19
_b
KAR
100
_a
KAR ASHUTOSH
245
_a
MEDICINAL CHEMISTRY
250
_a
8TH
260
_a
INDIA
_b
NEW AGE PUB
_c
2025
300
_a
966
942
_2
ddc
_c
BK
999
_c
34481
_d
34481